Culture Générale - Clic Quiz - La réponse est un objet céleste - Statistiques

Statistiques générales
  • Ce quiz a été pris 77 fois
  • Le résultat moyen est 11 sur 30
Statistiques - réponses
Hint Réponse % Correct
Prénom de la grande sœur de Serena Williams, elle aussi légende du Tennis Venus
92%
Marque de lessive appartenant à Procter & Gamble Ariel
79%
Groupe suédois de hard rock, originaire de Suède. Connu grâce à leur hit "The Final Countdown" Europe
79%
Compléte les paroles de la chanson de Michel Legrand, Les Moulins de mon coeur : "Comme un manège de lune avec ses chevaux d'étoiles. Comme un anneau de ___________, un ballon de carnaval" Saturne
79%
Écrit deux fois cela donne une eau de toilette Cacharel Amor
74%
Elément chimique de numéro atomique 80, de symbole Hg Mercure
71%
Nom de famille de la cinéaste, photographe et plasticienne franco-belge née en 1928 et morte en 2019 Agnès _________ Varda
67%
Dans la tradition judéo-chrétienne, il désigne un état vague et vide de la Terre avant l'intervention créatrice de Dieu Chaos
61%
Battue particulièrement au niveau de la porte d'Auteuil à Paris Terre
58%
Compléte cette expression française péjorative utilisée pour désigner l'Angleterre : Perfide __________ Albion
56%
Compléte le nom du film sorti en 1971 qui met en vedette Charles Bronson, Alain Delon et Ursula Andress : __________ rouge Soleil
55%
Complete le nom du club de football fondé en 1954 basé à Limassol, plusieurs fois champion de Chypre : _________ Limassol Fc Apollon
52%
Groupe de metal gothique finlandais, originaire de Raahe. C'est aussi le nocher (le passeur) des Enfers dans la mythologie grecque Charon
45%
Avec un point devant, c est le domaine national de premier niveau du Territoire britannique de l'océan Indien Io
44%
Franchise de Football Américain de la NFL, basée à Nashville : Les __________s du Tennessee Titan
42%
Dans la mythologie romaine, elle est la déesse de l'agriculture, des moissons et de la fertilité Cérès
39%
Personnage du comic X-Men : cheffe de la colonie mutante souterraine de New York, les Morlocks, jusqu'à ce qu'elle perde son poste après un duel contre Tornade des X-Men Callisto
20%
Elle est l'ennemie des Chevaliers du Zodiaque dans le film d'animation "_________ : La Légende de la pomme d′or" Éris
20%
Chanteuse française, représentante de la France à l'Eurovision en 1972 : Betty _________ Mars
8%
Salle de concert française située aux Lilas dans le département de Seine-Saint-Denis. C'est aussi une nouvelle de Fiodor Dostoïevski, écrit en 1878 Triton
8%
Connu pour être le premier astéroïde découvert dont l'orbite est entièrement comprise à l'intérieur de celle de la Terre Atira
6%
Compléte le nom d'une espèce d'insectes coléoptères de la famille des coccinelles : ___________ australasiae Orcus
6%
C'est un Jeu de société. C'est aussi le nom de code de Microsoft Windows 3.1 et d'une variante féerique du jeu d'échecs : échecs ___________ Janus
5%
Ville de plus de 60 000 habitants située dans le comté de Palm Beach, dans l’État de Floride, aux États-Unis Jupiter
5%
Ville fictive de Californie, où se déroule la série Veronica Mars (et ce n' est pas Mars) Neptune
5%
Nom du Missile qui constituait la force de dissuasion tactique nucléaire de l'armée de terre française pendant la guerre froide (déploiement de 1974 à 1993) Pluton
5%
Compléte le nom donné à la contre-offensive soviétique dans la bataille de Stalingrad en 1942 : Opération __________ Uranus
5%
Sommet de plus de 4 000 mètres des Alpes pennines à la frontière entre le Valais et la Vallée d'Aoste Pollux
3%
Genre d'oiseau américain voisin de l'autruche Rhea
3%
Nom de deux anciens rois légendaires d'Irlande des temps antiques Sedna
3%
Aucun quiz correspondant
Distribution des résultats
% des personnes avec chaque résultat
Percentile par nombre de réponses
Votre historique - résultats
Vous n’avez pas pris ce quiz